| 000 | 01059cam a22003257a 4500 | ||
|---|---|---|---|
| 003 | CHAP | ||
| 005 | 20220329143015.0 | ||
| 008 | 050727d2004 mx a r 00110 esp d | ||
| 010 | _a90592 | ||
| 011 | _a91564 | ||
| 020 | _a9706862811 | ||
| 035 | _a102123 | ||
| 040 | _cCHAP | ||
| 082 | 0 | 4 |
_a004.1 _bP3 2004 |
| 100 | 0 | 0 |
_aParsons, June Jamrich. _985781 |
| 245 | 1 | 0 |
_aConceptos de computación : _bnuevas perspectivas _c/por June Jamrich Parsons y Dan Oja |
| 260 |
_aMéxico, D. F. : _bIntenational Thomson, _c2004. |
||
| 300 |
_a728 p. : _bilus.; cuadros |
||
| 590 |
_aBATCH-UPD _b10 _c20130110 _lUCH01 _h0735 |
||
| 590 |
_aBATCH-UPD _b10 _c20130410 _lUCH01 _h0418 |
||
| 590 |
_aBATCH-UPD _b10 _c20130914 _lUCH01 _h1023 |
||
| 590 |
_aCONVERSION _b10 _c20130109 _lUCH01 _h1350 |
||
| 650 | 1 | 4 |
_aComputación. _926122 |
| 650 | 1 | 4 |
_aProcesamiento automático de datos. _991738 |
| 700 | 0 |
_aOja, Dan. _982888 |
|
| 901 | _aBK | ||
| 905 | _aElisama A. H. | ||
| 942 | _cLIBRO | ||
| 949 |
_a004.1 P3 _bBC _cLIBRO _d33724000974531 _eLIBRO _gI.c/e _h106050 _i102123 _si _t$299.00 |
||
| 999 |
_c90592 _d90592 |
||